000 00607nam a22002297a 4500
005 20251009105947.0
020 _a0421289201
_cTZS.36,000/=
040 _aMCCL
_beng.
_eAACR 2nd rev.ed.
082 _a344.2075 LAN
100 _aLangan, P.ST.J
245 _aCivil procedure
_c/ P.ST.J. Langan and L.D.J. Henderson
250 _a3rd ed.
260 _aLondon :
_bSweet and Maxwell.;
_cc 1983.
300 _axlvii,448 p. :
_c21 cm.
504 _aIncludes index.
546 _aeng.
650 _aCivil procedure
650 _aRemedies
650 _aPleadings
700 _aHenderson, L.D.J
942 _cBK
999 _c12377
_d12377